[Event "Landsturneringen 2015"]
[Site "Oslo NOR"]
[Date "2015.07.08"]
[Round "6"]
[White "Furnes, Torstein"]
[Black "Edvardsen, Ragnar"]
[Result "0-1"]
[WhiteElo "1663"]
[BlackElo "1918"]
[Annotator "Furnes, Torstein"]
[PlyCount "110"]
[EventDate "2015.07.04"]

1. d4 Nf6 2. c4 g6 3. Nc3 d5 4. cxd5 Nxd5 5. Nf3 Bg7 6. e4 Nxc3 7. bxc3 O-O 8.
Be2 c5 9. O-O Nd7 10. Be3 Qc7 11. Ng5 {Dette trekket er visst en nyhet. Det er
ihvertfall ikke spilt tidligere i Chessbase sine databaser. Ideen min er å
åpne opp for å spille f4, og dersom svart jager springeren tilbake med h6,
anser jeg det som en liten svekkelse i kongestillingen hans.} h6 12. Nf3 b6 13.
Qd2 Kh7 14. Nh4 Bb7 15. e5 e6 16. f4 Rad8 17. g4 cxd4 18. cxd4 Nb8 19. Rac1 Qe7
20. Qe1 Nc6 21. Qf2 Bh8 $6 $16 22. f5 g5 ({Hvit får avgjørende angrep etter} 
22... gxf5 $2 23. Nxf5 $1 exf5 $2 24. Qxf5+ Kg8 25. Bd3 f6 26. Qg6+ Bg7 (26...
Qg7 $2 27. Bc4+ Rf7 28. Bxf7+ Kf8 29. Bxh6 $18) 27. Qh7+ Kf7 28. Bg6+ Ke6 29.
Bf5+ Kd5 (29... Kf7 30. e6+ Ke8 31. Bg6+ Rf7 32. Bxf7+ Qxf7 33. exf7+) 30. Be4+
Ke6 31. d5+ Rxd5 32. Qf5+ Kf7 33. Bxd5+ Ke8 34. Bxc6+ Bxc6 35. Rxc6 Qd7 36.
Qg6+ Rf7 37. e6 Qxc6 38. Qxf7+ Kd8 39. Rd1+ Kc8 40. Rd7) 23. f6 Qa3 24. Nf3 (
24. Bf3 $1 $18 {er førstevalget til Fritz. F.eks.} gxh4 (24... Rc8 25. Be4+ Kg8
26. Bxg5 hxg5 27. Qd2 Rfd8 28. Qxg5+ Kf8 29. Ng6+ $1 Ke8 (29... fxg6 30. Bxg6)
30. Nxh8) 25. Bxh6 $1 Nxe5 (25... Kxh6 $2 26. Qxh4+ Kg6 27. Be4#) 26. Bxb7 Ng6
27. Be4 $1 Kxh6 28. g5+ Kxg5 29. Kh1 Qxc1 30. Rxc1 Rd5 31. Rg1+ Kh6 32. Qe3+
Kh7 33. Bxg6+ fxg6 34. Qxe6) 24... Rg8 25. h4 $6 {Hvitfordelen faller litt.
Hvit hadde flere trekk som vurderes som sterkere av Fritz.} ({Fritz foretrekker
} 25. Bd1 Rgf8 (25... Nb4 $2 26. Rc7 Bxf3 27. Bc2+ Rg6 28. Bxg6+ Kxg6 29. Qxf3)
26. h4) 25... gxh4 26. Nxh4 ({Bedre er} 26. g5 $1 hxg5 27. Bd1) 26... Nxd4 $1
27. Bxd4 $2 {Etter dette trekket er hele hvits fordel forduftet. Fritz
vurderer nå stillingen som 0.00.} ({Hvit beholder en liten fordel med} 27. Bd1
Rd7 28. Kh2) 27... Rxd4 28. Bf3 $4 {Tapstrekk og vendepunkt. Svart har nå
fordel resten av partiet.} ({Hvits beste muilghet er} 28. Rc7 Rdxg4+ 29. Bxg4
Rxg4+ 30. Kh2 Rxh4+ 31. Qxh4 Qb2+ 32. Rf2 Qxe5+ 33. Qf4 Qh5+ 34. Kg3) 28...
Rdxg4+ ({Enda mer effektivt er} 28... Bxf3 29. Nxf3 Rdxg4+ 30. Kh2 Qb4 31. Rc2
Qf4+ 32. Kh1 Rg3 33. Qh2 Qe4 34. Rcf2 Qf5) 29. Kh2 $2 ({Hvits eneste sjanse er
} 29. Bxg4 Rxg4+ 30. Kh2 Qa4 31. Kh3 Qe4 32. Rg1 Rxg1 33. Rxg1 Qxe5) 29... Bxf3
30. Nxf3 Rg2+ $6 {Fritz mener svartfordelen faller fra -6 til -0.5 etter dette
naturlige avviklingstrekket.} ({Fritz vil heller fortsette presset med} 30...
Qb4 {og vi kommer inn i samme analysevariant som vist for to trekk siden.} 31.
Rc2 Qf4+ 32. Kh1 Rg3 33. Qh2 Qe4 34. Rcf2 Qf5) 31. Qxg2 Rxg2+ 32. Kxg2 Qxa2+
33. Kg3 Qa3 34. Rc7 $2 Kg6 ({Hvits siste trekk var en tabbe pga} 34... Bxf6 $1
{med poenget} 35. exf6 $4 Qd6+) 35. Rc8 Bxf6 36. exf6 Kxf6 37. Rh8 Kg7 38. Rc8
f5 39. Rd1 Kf6 40. Rd7 f4+ 41. Kxf4 $4 Qa4+ 42. Ke3 ({Da jeg slo f-bonden
hadde jeg tenkt å spille} 42. Rd4 {men hadde oversett} e5+) 42... Qxd7 43. Rf8+
Kg7 44. Rf4 Qd5 45. Rd4 Qc5 46. Ke4 Kf6 47. Rd8 b5 48. Nd4 b4 49. Rh8 Qd5+ 50.
Ke3 Kg7 51. Re8 Qg5+ 52. Kf2 Qh4+ 53. Ke3 Kf7 54. Rxe6 Qh3+ 55. Ke4 Qxe6+ 0-1

[Event "Landsturneringen 2015"]
[Site "Oslo NOR"]
[Date "2015.07.08"]
[Round "6"]
[White "Jacobsen, Aleksander"]
[Black "Ruud, Kjetil"]
[Result "1/2-1/2"]
[WhiteElo "1391"]
[BlackElo "1318"]
[PlyCount "83"]
[EventDate "2015.07.04"]

1. e4 e5 2. Nf3 f5 3. exf5 Qf6 4. d4 e4 5. Qe2 d5 6. g4 h5 7. Bg5 Qb6 8. c4
Bb4+ 9. Nc3 hxg4 10. Ne5 Bxf5 11. O-O-O Bxc3 12. bxc3 Nf6 13. cxd5 Nxd5 14.
Qb5+ Qxb5 15. Bxb5+ c6 16. Bc4 Rh5 17. Bd2 Nd7 18. Nxd7 Kxd7 19. Bxd5 cxd5 20.
Bf4 Rc8 21. Kd2 Rh3 22. Bg3 Rh6 23. Rb1 e3+ 24. fxe3 Bxb1 25. Rxb1 b6 26. Rb3
Rf6 27. Rb1 Rf3 28. Re1 Re8 29. Kd3 Kc6 30. Re2 Kb5 31. Be5 g6 32. Rc2 Rc8 33.
Rb2+ Ka4 34. Rb4+ Ka3 35. Rb5 Rd8 36. Rb4 Rd7 37. Bb8 Rb7 38. Bd6 Kxa2 39. Ra4+
Kb2 40. Rb4+ Ka1 41. Ra4+ Kb2 42. Rb4+ 1/2-1/2

[Event "Landsturneringen 2015"]
[Site "Oslo NOR"]
[Date "2015.07.08"]
[Round "6"]
[White "Lange, Holger"]
[Black "Skrede, Snorre"]
[Result "1/2-1/2"]
[WhiteElo "1596"]
[BlackElo "1689"]
[Annotator "Lange,Holger"]
[PlyCount "127"]
[EventDate "2015.07.04"]

1. e4 c5 2. Nf3 g6 3. d4 cxd4 4. Nxd4 Nc6 5. Nxc6 {jeg kunne ikke la være. Det
fleste spiller her} (5. c4 Nf6) 5... bxc6 6. Qd4 Nf6 7. e5 Nd5 8. e6 Nf6 9.
exf7+ Kxf7 10. Be2 Bg7 11. O-O Re8 12. Qh4 d5 13. Nc3 $2 Bf5 14. Bd3 Bxd3 15.
cxd3 Rb8 16. Rb1 Kg8 17. Bf4 $2 Rb4 $1 {over hode ikke vurdert av meg. Jeg
tenkte på enten Tc8 eller e5. Nå er jeg i nærheten av å miste en offiser} 18.
Qg5 h6 19. Qe5 Kh7 20. Qc7 Qxc7 21. Bxc7 {uff, det gikk for så vidt} Nd7 22.
Rfe1 Kg8 23. f4 $2 Rxb2 24. Rxb2 Bxc3 25. Rbe2 Bxe1 26. Rxe1 Kf7 27. d4 Rc8 28.
Ba5 Rb8 29. a3 c5 30. dxc5 Nxc5 31. Bb4 Ne6 $2 {og hvorfor ikke} (31... Ne4 32.
Rc1 Rb5 33. g3 a5 34. Be1 $19) 32. Re5 Rd8 33. f5 gxf5 34. Rxf5+ Kg6 35. Re5
Kf6 36. Rh5 {og remis med trekkgjentakelse? Nei:} d4 $2 37. Rxh6+ Kf5 38. g4+
Ke5 39. Kf2 Rd7 40. Ke2 Nf4+ 41. Kd2 Ke4 42. Rh7 Nd5 43. g5 Kf5 44. h4 d3 45.
Rf7+ Kg6 46. Rf3 e6 47. Rxd3 {og hvit står plutselig bedre} Kh5 48. Bc3 Rf7 49.
Be5 Rf2+ 50. Ke1 Rf5 51. Bg3 Rf7 52. Rd4 Rf3 53. Bd6 Rh3 54. Kf2 Rxh4 55. Rxh4+
Kxh4 56. g6 Kh5 57. g7 Nf6 58. Be5 Ng8 59. Kf3 $2 (59. Ke3 {og jeg er ett
trekk tidligere på a6. Disse tempi kan være ganske avgjørende i sluttspill})
59... Kg6 60. Ke4 Kf7 61. Kd4 Ne7 62. Kc5 Nf5 63. Kb5 Nxg7 64. Ka6 {
remistilbud fra meg. Det viser seg at eneste trekk som taper ikke er 64. ...
Sf5, men han finner det vel?} 1/2-1/2

[Event "Landsturneringen 2015"]
[Site "Oppsal arena, Oslo NOR"]
[Date "2015.07.08"]
[Round "6"]
[White "Solli, Oddvar"]
[Black "Lea, Per"]
[Result "1/2-1/2"]
[WhiteElo "1642"]
[BlackElo "1592"]
[Annotator "Lea,Per"]
[PlyCount "82"]
[EventDate "2015.07.04"]

1. d4 d5 2. c4 e6 3. Nc3 Nf6 4. cxd5 exd5 5. Bg5 Be7 6. e3 O-O 7. Bd3 c6 8. Qc2
Nbd7 9. Nge2 Re8 10. O-O Nf8 11. f3 Nh5 12. Bxe7 Qxe7 13. e4 dxe4 14. fxe4 Nf6
15. Rae1 Be6 16. Nf4 Rad8 $2 (16... Qb4 17. Nfe2 Ng4 18. Qd2 Bxa2 19. e5 {med
lik stilling}) 17. e5 Nd5 18. Nfxd5 Bxd5 19. Nxd5 cxd5 ({Først her oppdaget
jeg at det planlagte} 19... Rxd5 {strander på} 20. Bc4 {som enten vinner
kvalitet direkte, eller hvit får et livsfarlig innslag på f7}) 20. Qf2 Ne6 21.
Re3 Rf8 22. Rh3 g6 23. Qe3 f5 24. exf6 Rxf6 25. Rxf6 Qxf6 {Hvits
tilsynelatende solide og harmoniske stilling har forsvunnet, uten at noen av
oss i etteranalysene fant ut nøyaktig hvor det gikk galt.} 26. Qe5 Qxe5 27.
dxe5 Nf4 28. Rf3 Nxd3 29. Rxd3 Kf7 30. Kf2 Ke6 31. Ke2 Kxe5 32. Re3+ Kd6 33.
Kd3 Rf8 34. Rh3 Rf2 35. Kc3 h5 (35... Rf7 {gir større muligheter til vinst.})
36. Rg3 Rf6 37. Rg5 b6 38. h3 a6 39. Kd4 Rf4+ 40. Ke3 Re4+ 41. Kd3 Re6 {Med en
hvit konge på d4 kan ikke d-bonden lenger garderes} 1/2-1/2

[Event "Landsturneringen 2015"]
[Site "Oslo NOR"]
[Date "2015.07.09"]
[Round "7"]
[White "Brokke, Otto"]
[Black "Fuglseth, Jan"]
[Result "0-1"]
[WhiteElo "1388"]
[BlackElo "1435"]
[Annotator "Jan Fuglseth"]
[PlyCount "92"]
[EventDate "2015.07.04"]

1. e4 c6 2. d4 d5 3. Nc3 dxe4 4. Nxe4 Nf6 5. Nxf6+ gxf6 {Sort har demed flest
sentrumsbønder. Dobbeltbonden er ikke en svakhet ifølge Bent Larsen.} 6. Nf3
Bf5 7. Bd3 Bg6 8. Bxg6 hxg6 {H bonden beveger seg mot sentrum, den isolerte
bonden forsvinner og tårnet får h-linjen.} 9. Be3 e6 10. Qd2 Nd7 11. c4 Bd6 (
11... Qb6 12. O-O-O Qa6) 12. Bf4 Qc7 (12... e5 13. dxe5 Bxe5 14. O-O-O Qe7) 13.
Bxd6 Qxd6 {Stillingen er =} 14. h4 e5 15. O-O-O {Jeg burde vel rokere med en
gang, men men jeg har en plan.} e4 16. Rde1 f5 17. g4 $2 {Ikke en del av min
plan, og det svekker hvits stilling. Hadde ventet Sg5 med trussel om en stygg
gaffel på f7} (17. Ng5 f6 18. Nxe4 fxe4 19. Rxe4+ Kd8) 17... O-O-O $1 18. Ng5
Qe7 (18... Ne5 19. Rd1 Nxc4 20. Qc3 Qd5) 19. gxf5 gxf5 20. Qa5 Qf6 21. Qd2 $4
Nc5 $1 22. Kb1 Nd3 {Best var nok å slå med tårnet med en gang, men jeg ville
gjerne skape en trussel om en avdekker} (22... Rxd4 23. Qc3 (23. Qe2 Rhd8)
23... Na4 24. Qb4 Rxc4) 23. Re2 Rxd4 24. Qc2 $4 {Gir meg en mulighet til å
ofre dronningen. En fantastisk følelse å være så dristig :-)} Qxg5 $1 25. Qc3
Qd8 (25... Rxh4 26. Rd1 c5) 26. Rd2 c5 27. a3 {Motstanderen burde vel ha gitt
seg nå, men som man vil se av partiene i runde 3 og 5 behøver jeg
sluttspilltrening. Med en offiser over som står solid plassert vil jeg forsøke
å avvikle istedet for å slå på h4 og la ham flytte h-tårnet til sentrum.} Ne5
28. Rxd4 Qxd4 29. Qc2 Qxc4 30. Qd2 Qd3+ 31. Qc2 Qxc2+ 32. Kxc2 Rh5 33. Rg1 Rxh4
34. Rg8+ Kc7 35. Re8 Nc6 36. Rf8 Rh7 37. Kd2 f4 {Hindrer kongens videre
framferd til sentrumsrutene} 38. Re8 f5 39. Rf8 Rd7+ 40. Kc3 Rd5 41. Kc4 Re5
42. Rf7+ Kb6 43. Rf6 e3 44. fxe3 fxe3 45. b4 cxb4 46. axb4 a6 0-1

[Event "Landsturneringen 2015"]
[Site "Oslo NOR"]
[Date "2015.07.09"]
[Round "7"]
[White "Folkvord, Svein"]
[Black "Lange, Holger"]
[Result "1-0"]
[WhiteElo "1668"]
[BlackElo "1596"]
[Annotator "Lange,Holger"]
[PlyCount "59"]
[EventDate "2015.07.04"]

1. d4 Nf6 2. c4 e6 3. g3 c5 4. d5 d6 5. Bg2 exd5 6. cxd5 Be7 $2 {Nei, passer
ikke til oppstilling. Løperen har ikke noe perspektig her. Riktig er} (6... g6
7. Nc3 Bg7 8. Nf3 O-O 9. O-O {osv.}) 7. Nc3 O-O 8. e4 Re8 9. Nf3 Bg4 {e5
kommer tidligere eller senere. Stockfish mener i alt alvor at} (9... b5 {er
best:} 10. Nxb5 $2 Nxe4 11. O-O Bf5 12. Re1 Qd7 {Det hadde jeg ikke vurdert et
eneste sekund}) 10. Qb3 Qc7 11. O-O Nbd7 12. Bf4 Bf8 $2 (12... a6 13. a4 {
holder stillingen i balanse}) 13. Nd2 $1 a6 14. a4 Ne5 15. Bxe5 Rxe5 16. Nc4 (
16. f4 Ree8 17. f5 {vuderte vi på analysen som løperfangst, men hvis jeg finner
} Qa5 18. Qc2 Qb4 19. h3 Qd4+ 20. Kh1 Qe3 21. hxg4 Qh6+ {holder det vel akkurat
}) 16... Ree8 17. f3 Bd7 18. a5 $1 {spilt med en gang} Rab8 19. f4 Bb5 $1 20.
Nxb5 axb5 21. Nd2 $1 b4 22. Rae1 Qxa5 {Stillingen er vanskelig for svart, og
kanskje var} (22... Nd7 {siste sjanse for meg å holde remis}) 23. e5 Nd7 24. e6
Nf6 25. Bh3 Be7 $4 (25... Kh8 26. exf7 Rxe1 27. Rxe1 b5 28. Be6 c4 29. Qe3 Qc7
{og det er fortsatt håp}) 26. exf7+ Kxf7 27. Be6+ Kf8 28. g4 {aua} Qc7 29. Qh3
$1 g6 {i tilfelle han spiller 30. g5 Sh5. Stillingen er tapt uansett, men han
spilte med en gang} 30. Qh6# {Jeg blir mest imponert over analysen etterpå.
Jeg har møtt hans favorittsystem og en motstander som kan veldig mye om
posisjonsspill, prinsipper bak denne "moderne Benoni" og hvordan man utnytter
romfordel. Veldig lærerik.} 1-0

[Event "Landsturneringen 2015"]
[Site "Oslo NOR"]
[Date "2015.07.09"]
[Round "7"]
[White "Lange, Magnus Øyvind"]
[Black "Shehzad, Alisha"]
[Result "1/2-1/2"]
[WhiteElo "823"]
[BlackElo "891"]
[PlyCount "43"]
[EventDate "2015.07.04"]

1. e4 e5 2. Nc3 Nf6 3. d3 h6 4. Nf3 Nc6 5. Be3 Bb4 6. a3 Ba5 7. b4 Bb6 8. Bxb6
axb6 9. b5 Nd4 10. Nxe5 d6 11. Nf3 Bg4 12. Be2 Nxe2 13. Qxe2 O-O 14. h3 Bh5 15.
O-O Re8 16. Rae1 Rxa3 17. Nb1 Ra8 18. Nc3 Qd7 19. d4 Re7 20. Qd3 Bxf3 21. Qxf3
Rae8 22. Re2 1/2-1/2

[Event "Landsturneringen 2015"]
[Site "Oppsal arena, Oslo NOR"]
[Date "2015.07.09"]
[Round "7"]
[White "Lea, Per"]
[Black "Thorstensen, Roar"]
[Result "1-0"]
[WhiteElo "1592"]
[BlackElo "1451"]
[Annotator "Lea,Per"]
[PlyCount "151"]
[EventDate "2015.07.04"]

1. e4 c5 2. Nf3 d6 3. d4 cxd4 4. Nxd4 Nf6 5. Nc3 a6 6. Bg5 e6 7. f4 Be7 8. Qf3
Qb6 9. O-O-O Nbd7 10. Bc4 (10. Bh4 $1 Nxe4 $4 11. Bxe7 Nxc3 12. Qxc3 Kxe7 13.
Nxe6 Nc5 (13... fxe6 $2 14. Qxg7+ Ke8 15. Qxh8+ Nf8 16. Be2 {med klar fordel
til hvit}) 14. Nxg7 Rd8 15. Re1+ Kd7 {og hvit står klart best} (15... Kf8 $4
16. Nf5 {og matt-trusselen på h8 kan ikke forhindres, bare utsettes ved å ofre
materiell})) 10... Nc5 11. e5 dxe5 12. fxe5 Nfd7 $4 13. Bf4 $2 ({Jeg trodde
svart fikk motspill i den følgende varianten, hvilket ikke er tilfelle. Men
det var ikke lett å ha full oversikt over alle truslene og mottruslene.} 13.
Bxe7 $1 Kxe7 (13... Nxe5 $4 14. Bxc5 Qxc5 15. Ne4 Nxf3 16. Nxc5 Ne5 $18) 14.
Rhf1 Rf8 15. Qg3 g6 16. Qh4+ Ke8 17. Nb3 Nxb3+ 18. Bxb3 Qe3+ 19. Kb1 g5 20.
Qxh7 Qxe5 21. Ne4 Kd8 22. Rxf7 Rxf7 23. Qxf7 Kc7 24. Nf6 Kb6 25. Nxd7+ Bxd7 26.
Qxd7 $18) 13... Qc7 14. Qg3 $2 ({Den følgende varianten så jeg rett og slett
ikke} 14. Nf5 exf5 15. e6 Qc6 16. Bd5 Qb6 17. exf7+ Kf8 18. Rhe1 Nf6 19. Rxe7
Kxe7 20. Qg3 Ne6 21. Bxe6 Bxe6 22. Qxg7 Rhf8 (22... Bxf7 $4 23. Re1+ Kd7 {og
matt i 11 trekk}) 23. Bd6+ Qxd6 24. Rxd6 Kxd6 25. Qxf6 Rxf7 26. Qd4+ Ke7 27.
Qb6 Kf6 28. Nd5+ Ke5 29. Nc7 $18) 14... Bf8 $2 (14... g5 15. Be3 Qxe5 16. Qf2
O-O $11) 15. Be2 ({Igjen er} 15. Nf5 {godt!}) 15... b5 16. Bf3 (16. b4 Bb7 (
16... Nb7 17. Nxe6 fxe6 18. Bh5+ g6 19. Bxg6+ hxg6 20. Qxg6+ {og matt i 12
trekk}) 17. bxc5 Bxc5 18. Kb1 $18) 16... Bb7 17. Rhe1 b4 18. Bxb7 Qxb7 19. Nce2
{Svart har utliknet etter at hvit har misset drøssevis av sjanser} Nb6 20. Qf3
Nd5 21. Bg3 Rb8 22. Nf4 Nxf4 23. Qxb7 Rxb7 ({Hvits bondesvakhet pa d3 blir
bare av forbigående karakter i varianten} 23... Nfd3+ 24. cxd3 Rxb7 25. Nf3 Be7
26. d4 {med lik stilling}) 24. Bxf4 Rc7 25. Re3 h6 26. Rh3 Be7 27. Rg3 g5 28.
Be3 Nd7 29. Nf3 Bc5 30. Bd4 Bxd4 31. Rxd4 a5 32. Rgg4 Rc5 33. Rc4 Rxc4 34. Rxc4
Ke7 35. h3 Rb8 36. h4 f6 $2 (36... gxh4 37. Rxh4 Rg8 38. g4 Kf8 {og hvis det
er noen som står bedre, er det svart}) 37. exf6+ Kxf6 38. hxg5+ hxg5 39. Rg4
Rg8 40. Rc4 g4 41. Nd2 Kf5 42. Nb3 Ra8 43. Rc7 Ne5 44. Nd4+ Kf6 (44... Ke4 $1
45. Nxe6 Re8 46. Nc5+ Kf4 $17) 45. Kd2 Ra6 46. c4 bxc3+ 47. Kxc3 g3 48. Rc5 Ng6
49. Ne2 Nh4 50. Nxg3 Nxg2 {Avbyttet av g-bøndene var fordelaktig for hvit: en
svart bonde på g3 er farlig nær forvandlingsfeltet} 51. Ne4+ Ke7 52. Kc4 Rb6
53. Rb5 Rc6+ 54. Kb3 Ra6 $2 ({Etter} 54... Ne3 {står de svarte ofiserene mer
aktivt} 55. Rxa5 Rb6+ 56. Kc3 Nd1+ 57. Kc4 Rxb2 {blir vanskelig å vinne for
hvit}) 55. Ka4 Ne3 56. b3 Nd5 57. Rxa5 Rxa5+ {Svart bør beholde tårnene pa
brettet} 58. Kxa5 Kd7 59. a4 (59. b4 {holder i massevis, men jeg fryktet at
svart ville ha remissjanser ved å ofre springeren på b-bonden. Frykten var
imidlertid ubegrunnet, selv springer og randbonde vinner}) 59... Kc7 60. Kb5
Kb7 61. Nc5+ Ka7 62. Nxe6 Nc3+ 63. Ka5 Na2 64. Nc5 Nc3 65. b4 Nd5 66. b5 Nb6
67. Kb4 ({En morsom variant her, hadde vært:} 67. Na6 Kb7 68. Nb4 Nc4#) 67...
Nd5+ 68. Kc4 Nb6+ 69. Kd4 Na8 70. Kd5 Nb6+ 71. Kc6 Nc4 72. Nb3 Nb6 73. a5 Na8
74. Nc5 Kb8 75. Nd7+ Ka7 76. b6+ 1-0

[Event "Landsturneringen 2015"]
[Site "Oslo NOR"]
[Date "2015.07.09"]
[Round "7"]
[White "Levang, Pål Kristian"]
[Black "Furnes, Torstein"]
[Result "1/2-1/2"]
[WhiteElo "1863"]
[BlackElo "1663"]
[Annotator "Furnes, Torstein"]
[PlyCount "115"]
[EventDate "2015.07.04"]

1. c4 e5 2. g3 Nf6 3. Bg2 Bc5 4. e3 O-O 5. Ne2 Nc6 6. a3 a5 7. Qc2 Re8 8. O-O
d6 9. d3 Bf5 10. Nbc3 Qd7 11. Rd1 Bh3 12. Bh1 Qf5 13. Nd5 Nxd5 14. cxd5 Ne7 15.
Nc3 Ng6 16. Bg2 Bg4 $2 $16 {Taper løperen. Men jeg får to bønder for den, og
hvit får svekket kongestilling.} 17. f3 Bh3 18. g4 Bxg4 19. fxg4 Qxg4 20. Qe2
Qh4 21. Qf2 Qg4 22. h3 Qh5 23. Kh2 f5 24. d4 Bb6 25. Qf3 Qg5 26. Ne2 Rf8 27.
Bd2 Rae8 28. Rf1 $2 $17 {En liten tabbe som gjør at fordelen vipper over til
svart.} exd4 29. Rae1 dxe3 {Dermed har svart 4 bønder for løperen.} 30. Bc3 f4
31. Qg4 Qxg4 32. hxg4 Re7 33. Rf3 Ref7 34. Ref1 h6 35. Bh3 c6 36. g5 Ne5 $6 $11
({Bedre er} 36... hxg5 37. Be6 Ne5 $17) 37. gxh6 ({Fritz foretrekker} 37. Rxf4
Rxf4 38. Rxf4 Rxf4 39. Nxf4 hxg5) 37... Nxf3+ 38. Rxf3 gxh6 $6 $11 ({Bedre er} 
38... g5 39. Be6 Kh7 40. Bxf7 Rxf7 41. Kh3 Kxh6 $17) 39. Be6 Kh7 40. Bxf7 Rxf7
41. Rxf4 Rxf4 42. Nxf4 a4 43. Kg2 Bc5 44. Kf3 cxd5 45. Nxd5 Kg6 46. Nxe3 Kf7
47. Nf5 Ke6 {Jeg lar være å prøve å redde h-bonden. Jeg vurderte det slik at
den faller uansett, og at det viktigste er å få kongen til feltene c4 og b3.}
48. Nxh6 Kd5 49. Ke2 Kc4 50. Nf5 $11 {Etter dette trekket vurderer Fritz
resten av partiet som død remis.} (50. Kd2 $16) 50... Bxa3 $1 51. Kd2 (51. bxa3
Kxc3 52. Nxd6 Kb3 53. Nxb7 Kxa3 54. Nc5 {er selvsagt remis}) 51... Bc5 52. Kc2
b5 53. Bd2 b4 54. Bf4 b3+ 55. Kb1 a3 56. Nxd6+ Bxd6 57. Bxd6 axb2 58. Kxb2
1/2-1/2

[Event "Landsturneringen 2015"]
[Site "Oslo NOR"]
[Date "2015.07.09"]
[Round "7"]
[White "Naasen, Nils"]
[Black "Unneland, Arne"]
[Result "0-1"]
[WhiteElo "1290"]
[BlackElo "1428"]
[PlyCount "44"]
[EventDate "2015.07.04"]

1. e4 c5 2. Nc3 d6 3. f4 Nc6 4. Bb5 g6 5. d3 Bg7 6. Bd2 Nf6 7. h3 Bd7 8. Bxc6
Bxc6 9. Nf3 Qb6 10. Rb1 Nd7 11. Qe2 h6 12. Kf2 O-O-O 13. Be3 Qc7 14. Nd5 Bxd5
15. exd5 Rde8 16. d4 Nf6 17. Rhe1 Nxd5 18. Qc4 Nxe3 19. Rxe3 cxd4 20. Qxc7+
Kxc7 21. Rd3 e5 22. fxe5 dxe5 0-1

[Event "Landsturneringen 2015"]
[Site "Oslo NOR"]
[Date "2015.07.09"]
[Round "7"]
[White "Ruud, Kjetil"]
[Black "Leiknes, Erlend"]
[Result "0-1"]
[WhiteElo "1318"]
[BlackElo "1388"]
[PlyCount "51"]
[EventDate "2015.07.04"]

1. e4 e5 2. Nf3 Nc6 3. d4 exd4 4. Nxd4 Qh4 5. Be2 Qxe4 6. Nb5 Qb4+ 7. N1c3 Qa5
8. a3 a6 9. b4 Nxb4 10. axb4 Qxa1 11. Nxc7+ Kd8 12. Bg5+ f6 13. Qxa1 Kxc7 14.
Bf4+ Kd8 15. Qa5+ Ke8 16. Nd5 Ne7 17. Nc7+ Kf7 18. Bc4+ Kg6 19. Nxa8 Nc6 20.
Bd3+ Kf7 21. Qd5+ Ke8 22. O-O Bxb4 23. Qh5+ Kf8 24. Bc4 g6 25. Qh6+ Ke8 26. Qg7
0-1

[Event "Landsturneringen 2015"]
[Site "Oslo NOR"]
[Date "2015.07.10"]
[Round "8"]
[White "Bø, Martin"]
[Black "Ellbro, Anders"]
[Result "0-1"]
[WhiteElo "1150"]
[BlackElo "1132"]
[Annotator "Martin,Bø"]
[PlyCount "78"]
[EventDate "2015.07.04"]

1. e4 c5 2. Nf3 d6 3. d4 cxd4 4. Nxd4 Nf6 5. Nc3 a6 6. Bg5 Nbd7 7. f4 Qa5 8.
Qf3 h6 9. Bh4 g5 10. fxg5 hxg5 11. Nb3 Qe5 12. Bg3 Qe6 13. h3 {Nå må sort lage
rom for dama, ellers fører Sd4 til at den blir fanget} Ne5 14. Bxe5 Qxe5 15.
O-O-O g4 16. Qe2 g3 17. Nd5 Nxd5 18. Rxd5 Qf4+ 19. Kb1 Bg7 20. Qe1 Be6 21. Rd3
Bxb3 $2 {Gir bort en sterk løper og dermed løperparet. Rart trekk} 22. Rxb3 b5
23. Rxg3 Qf6 24. c3 b4 25. Rf3 Qe5 26. Rf5 Qe6 27. cxb4 Qd7 $18 {Hvit står til
vinst, +2,3} 28. b5 $5 {Finnes bedre trekk, fritz godkjenner såvidt. Jeg fant
derimot ikke den beste oppfølgervarianten, og taper etterhvert partiet} e6 29.
Rf2 $6 (29. Rf3 axb5 30. Qb4 O-O 31. Bxb5 Qa7 {Nå truer ikke dama tårnet på f2,
siden det står på f3 i denne varianten}) 29... axb5 30. Qb4 Ke7 31. Qxb5 Qa7 $1
{Et sterkt trekk med tanke på at bare Lc4 redder partiet for hvit, noe jeg
ikke så under partiet} 32. Qa6 $4 (32. Bc4 Qxf2 33. Qb7+ Kf6 34. Rf1 Qxf1+ 35.
Bxf1 $18) 32... Qxf2 33. Qb7+ Kf6 34. Ba6 Kg6 35. Bd3 f6 36. e5+ f5 37. g4 Bxe5
38. gxf5+ exf5 39. Bxf5+ Kg5 {Sort var i tidstrøbbel fra rundt trekk 32-33, og
trekkene etterpå var ikke de beste, men kanskje de mest forvirrende? Han
greide derimot tidskontrollen med 30 sek igjen, og jeg ga opp} 0-1